Auburn University - Statistics

General Stats
  • This quiz has been taken 49 times
    9 since last reset
  • The average score is 19 of 26
Answer Stats
Hint Answer % Correct
Famous in state rivals Alabama
88%
Mascot name Aubie
88%
Heisman winners Bo Jackson
88%
Cam Newton
88%
Name of the game they play Iron Bowl
88%
Football stadium Jordan-Hare Stadium
88%
Legendary touchdown to defeat Alabama in 2013 Kick Six
88%
What do you throw when rolling Toomer's? Toilet Paper
88%
Popular slogan War Eagle
88%
Year established 1856
75%
2010
75%
Years made the Final Four 2019
75%
2025
75%
Head football coach Alex Golesh
75%
Basketball star in the 1980's, drafted by the 76ers Charles Barkley
75%
"Oldest Rivalry in the Deep South" Georgia
75%
What is Toomer's Drugs famous for? Lemonade
75%
Basketball stadium Neville Arena
75%
Old building with the large clocktower Samford Hall
75%
Mascot Tigers
75%
Head basketball coach Steven Pearl
63%
Olympic gymnast Suni Lee
63%
Years won the CFB championship 1957
50%
Excellent center from 2022-2025 Johni Broome
50%
Pat Sullivan
50%
Original name when founded East Alabama Male College
38%
No matching quizzes found
Score Distribution
Percent of People with Each Score
Percentile by Number Answered
Your Score History
You have not taken this quiz since the last reset